000 00574nam a2200229Ia 4500
003 OSt
005 20220916110930.0
006 a|||||r|||| 00| 0
007 ta
008 Pun
024 _a11,189
037 _cTextbook
040 _bPun
_aARTS
_cARTS
041 _aPun
082 _aO153,1N291x, J6
100 _aਪ੍ਰਭਜੋਤ ਕੌਰ
245 0 _aਪੰਖੇਰੂ
260 _c1956
650 _aਪੰਜਾਬੀ ਸਾਹਿਤ
942 _hO153,1N291x, J6
_cTB
_2CC
999 _c101692
_d101692